000 01119nam a22003134a 4500
001 UByD004259
003 AR-LpoUNG
005 20260106161350.0
008 251003s2020 ag a bf 000|1 spa d
020 _a9789874071682
040 _aAR-LpoUNG
_bspa
_cAR-LpoUNG
_eaacr
041 0 _aspa
044 _aag
082 0 _a808.068 3 473ser
100 1 _aÁlvarez Rivera, Verónica
245 1 0 _aSerafina
250 _a1ra. ed. braille
260 _aBuenos Aires :
_bGerbera,
_c2020.
300 _a[31] p. en imprenta y en braille :
_bil. col.
505 0 _aEdición accesible. El contenido fue impreso en tipografía amigable para lectores con dislexia y en braille.
505 0 _aIncluye QR en la portada que permite acceso al texto en formato audiolibro.
650 4 _aLITERATURA
650 4 _aCUENTOS
653 0 _aLITERATURA INFANTIL
700 0 _aEstrellita Caracol
_eil.
942 _cLIB
_2ddc
999 _c67250
_d67250